000 00621nam a2200205 a 4500
001 23239
005 20180713221258.0
008 140415s1955 000 0 spa d
041 _aspa
082 _a658.155
_bRAU
100 1 _aRAUTENSTRAUCH, W.
245 1 3 _aEL PRESUPUESTO EN EL CONTROL DE LAS EMPRESAS INDUSTRIALES
260 _a[s.l.] :
_bFONDO DE CULTURA ECONOMICA,
_c1955
300 _a335
490 _aSECCION DE OBRAS DE ECONOMIA
650 1 4 _aECONOMIA
_xECONOMIA INDUSTRIAL
700 1 _aBRAVO, MANUEL
_etr.
700 1 _aRAUTENSTRAUCH, WALTER
_eprĂ³l.
700 1 _aVILLERS, R.
_ecoaut.
999 _c23239
_d23239